Score 0/55 Timer 10:00
0 Plays Today
Question Answer % Correct
What is the biggest planet in our Solar System?Jupiter
86.5%
What is the name of our galaxy?Milky Way
76.9%
What is the most commonly used letter of the English alphabet?e
76.9%
What is the biggest desert in the world?Sahara
69.2%
What does the chemical symbol Hg stand for?mercury
67.3%
Who was the longest ruling monarch of England?Victoria
57.7%
What city has the biggest population in the world?Tokyo
53.8%
Where was the first Disneyland built (which state)?California
50%
What is the name of the highest waterfall in the world?Angel falls
44.2%
What is the last letter of the greek alphabet (word)?omega
44.2%
What was the name of the French King's Palace that stood just outside Paris?Versailles
42.3%
What were the ancient people who used to live in Peru called?Incas
42.3%
What is the name of the substance that the outer layer of the human tooth is made of?enamel
40.4%
What is the name of the tallest mountain range in the world?Himalayas
40.4%
What does the biological abbreviation DNA stand for?Deoxyribonucleic acid
32.7%
What is the name of the process that takes place on the Sun involving the tranformation of Hydrogen into helium?Nuclear fusion
30.8%
Name the famous book written by Emily Bronte?Wuthering Heights
30.8%
What is the name of the famous waterfall on the Zambia/Zimbabwe border?Victoria falls
28.8%
What is the biggest country in Africa?Sudan
28.8%
What element is Y the symbol for?yttrium
28.8%
What is the state capital of the Canadian state Ontario?Toronto
28.8%
Who wrote War and Peace?Leo Tolstoy
26.9%
Name the five great lakes of America, in alphabetical order?Erie, Huron, Michigan, Ontario, Superior
26.9%
What is the driest desert in the world?Atacama
23.1%
What is the capital city of Kyrgyzstan?Bishkek
21.2%
What is the name of the island on which Haiti and the Dominican Republic are situated?Hispaniola
21.2%
What is the capital city of Kazakhstan?Astana
21.2%
What county is the city of Exeter (England) in?Devon
19.2%
Question Answer % Correct
Who was the last Stuart monarch?Anne
17.3%
Which of the Japanese islands is the city of Nagasaki on?Kyushu
17.3%
What Microsoft computer programme is used to make databases?Microsoft Access
15.4%
What is the geographical term given to the shockwaves that occur during an earthquake?seismic waves
15.4%
What is the second biggest lake in the world?Lake Superior
13.5%
What was the name of the famous french soldier, who became a General at the age of 18?Napoleon Bonaparte
13.5%
What is the river that the Victoria Falls is on?Zambezi
13.5%
What is the name of the western half of the island of New Guinea?Irian Jaya
11.5%
How many stones are in 1 ton?160
11.5%
Who was the first Plantaganet King?Henry II
11.5%
What German state is the city of Munich in?Bayern
9.6%
What is the second longest river in China? (same format as question 48)Huang He
9.6%
What were the powerful rulers of Spain and Austria during the 17th, 18th and 19th centuries called?Hapsburgs
9.6%
How deep is Lake Baikal?1637 metres
7.7%
Which country is the Okavango delta in?Botswana
7.7%
What is the third longest river in the world? C……………… (Y…………..)Chang Jiang
7.7%
Who wrote 'The Railway Children'?Edith Nesbit
7.7%
What is the original name for Mount Everest?Qomolongma
5.8%
What is the name of the southern most city in the world?Ushuaia
5.8%
What is the chemical term given to the process of breaking down a substance by heating it?Thermal decomposition
5.8%
What is the height of the Niagara Falls?57 metres
5.8%
Who wrote the war poem 'Who's for the Game?'Jessie Pope
5.8%
What did the River Congo used to be called?River Zaire
5.8%
What countries does Thailand border? (4 in alphabetical order)Burma, Cambodia, Laos, Malaysia
5.8%
What is the third book of Alexandre Dumas' 3 Musketeers series?The Vicomte of Bragelonne
3.8%
Who discovered the chemical element Thorium?Jons Jakobs Berzelius
3.8%
What is the second biggest drainage basin in the world?Congo basin
3.8%
Remove Ads.
Support Sporcle.
Get the best of Sporcle when you Go Orange. This ad-free experience offers more features, more stats, and more fun while also helping to support Sporcle. Thank you for becoming a member.

You're not logged in!

Compare scores with friends on all Sporcle quizzes.
OR
Log In

Show Comments

Extras

Created Oct 25, 2010ReportNominate
Tags:natural

Top Quizzes Today


Score Distribution

Your Account Isn't Verified!

In order to create a playlist on Sporcle, you need to verify the email address you used during registration. Go to your Sporcle Settings to finish the process.

Report this User

Report this user for behavior that violates our Community Guidelines.

Details: